000 00579nam a22001937a 4500
005 20260318111532.0
010 _aENG-147906
020 _a9789373595733
_c449.00
035 _aEN-131438
037 _bDBAD
082 _a000
_21
245 _aCUET (UG)26-Humanitiies
250 _a1
260 _aUttar Pradesh
_bS. Chand Publishing
_c2026
270 _aD-92, Sector-02, Noida
_bUttar Pradesh
_e201301
_k91-120-4682700
300 v _avpp.
_c26cm(pb)
500 _a30 Previous Year Papers History Political Science Geography
942 _2ddc
_cEN
_mCUE
_h000
999 _c215598
_d215598